Zenkoji and its icon: a study in medieval, japanese religious art
Salvato in:
| Autore principale: | |
|---|---|
| Natura: | Libro |
| Lingua: | inglese |
| Pubblicazione: |
Princeton
Princeton University
1994
|
| Soggetti: | |
| Tags: |
Aggiungi Tag
Nessun Tag, puoi essere il primo ad aggiungerne!!
|
MARC
| LEADER | 00000nam a2200000 a 4500 | ||
|---|---|---|---|
| 001 | UCS8963 | ||
| 003 | CL-VaPUC | ||
| 008 | 971113e19940000us |||||||||||||||||eng|d | ||
| 082 | 0 | 4 | |a 730.952 |b MCC |2 21 |
| 100 | |a McCallum, Donald F. |e autor |9 393727 | ||
| 245 | 1 | 0 | |a Zenkoji and its icon: a study in medieval, japanese religious art |
| 300 | |a 268 p | ||
| 942 | |c BK | ||
| 945 | |d 19971113 00:00:00 |a jquezada | ||
| 260 | |a Princeton |b Princeton University |c 1994 | ||
| 650 | 0 | |a Arte japonés |9 268878 | |
| 650 | 7 | |a ESCULTURA JAPONESA |2 CL-VaPUC |9 393728 | |
| 650 | 7 | |a BUDISMO |2 CL-VaPUC |9 393729 | |
| 650 | 0 | |a Técnica |9 310682 | |
| 650 | 7 | |a ICONO |2 CL-VaPUC |9 393730 | |
| 650 | 7 | |a BRONCERIA |2 CL-VaPUC |9 393731 | |
| 650 | 7 | |a TRABAJO EN METAL |2 CL-VaPUC |9 393732 | |
| 650 | 7 | |a ORFEBRERIA |2 CL-VaPUC |9 268783 | |
| 650 | 0 | |a Religión |9 255164 | |
| 650 | 0 | |a Edad media |9 258041 | |
| 651 | 0 | |a Japón |9 260391 | |
| 583 | |a last modification |c 20171205 02:39:27 |k Rodrigo Vera | ||
| 999 | |c 263046 |d 263044 | ||
| 952 | |0 0 |1 0 |4 0 |6 730_952000000000000_MCC_1994 |7 0 |8 A |9 292128 |a BIBGIM |b BIBGIM |d 2019-11-19 |i 336416K |o 730.952 MCC 1994 |p 336416K |r 2025-01-15 |w 2019-11-19 |y BK |k ORI | ||